Essentials of cash flow (Бичлэгийн дугаар. 145243)
| 000 -УДИРДЛАГА | |
|---|---|
| Удирдлага | 00806nam a22002657a 4500 |
| 003 - ХЯНАЛТЫН ТОО ТОДОРХОЙЛОГЧ | |
| Код | MN-UlNUM |
| 005 - БИЧИЛТ ХИЙСЭН ОГНОО | |
| Тухайн бичилтийг бичсэн засварласан сүүлийн огноо | 20251104085656.0 |
| 008 - ЕРӨНХИЙ МЭДЭЭЛЭЛ | |
| Ерөнхий мэдээлэл | 251104s2002 nju||||| |||| 001 0 eng d |
| 020 ## - ISBN | |
| ISBN | 0471221007 |
| 040 ## - БИЧЛЭГ ҮҮСГЭГЧ БАЙГУУЛЛАГА | |
| Бичлэг үүсгэгч номын сангийн код | МУИС-ийн номын сан |
| 084 ## - ББК АНГИЛАЛ | |
| Нэмэлт тусгалт | Нэг сэдэвт бүтээл |
| ББК ангилал | 65.26 |
| Зохиогчийн гурван тэмдэгт | S 31 |
| Мэдлэгийн ялгаа | 65 - Эдийн засаг |
| 100 1# - ЗОХИОГЧ | |
| Зохиогчийн нэр | Schaeffer, H. A. |
| 245 10 - ҮНДСЭН ГАРЧИГ | |
| Номын нэр | Essentials of cash flow |
| 260 ## - ГАРАЛТЫН МЭДЭЭ | |
| Хэвлэгдсэн газар | Hoboken, N.J. : |
| Хэвлэлийн газар | J. Wiley, |
| Хэвлэгдсэн он | 2002. |
| 300 ## - МАТЕРИАЛЫН ТОДОРХОЙЛОЛТ | |
| хуудасны тоо | xii, 260 p. ; |
| Хэмжээ | 23 cm. |
| 500 ## - Тайлбар | |
| Дансны дугаар | БС 1887-1888 |
| 546 ## - ХЭЛНИЙ ТУХАЙ МЭДЭЭ | |
| Хэл | Англи хэл дээр, |
| 653 ## - Түлхүүр үг | |
| Түлхүүр үг | Cash flow. |
| 740 ## - НОМЫН ГАРЧИГ | |
| Гарчиг | The Lifeblood of the Organization: Why Cash Flow is So Important |
| 740 ## - НОМЫН ГАРЧИГ | |
| Гарчиг | Improving the Order-to-Cash Cycle |
| 740 ## - НОМЫН ГАРЧИГ | |
| Гарчиг | Improving the Purchase-to-Pay Cycle |
| 740 ## - НОМЫН ГАРЧИГ | |
| Гарчиг | When A Customer Files for Bankruptcy Protection: How to Get Your Cash |
| 942 ## - ЭЛЕМЕНТИЙН ТӨРӨЛ | |
| Зүйлийн төрөл | Ном |
